SCHAUM S QUICK GUIDE TO GREAT BUSINESS W (Record no. 3144)
[ view plain ]
| 000 -LEADER | |
|---|---|
| fixed length control field | 00358nam a2200133Ia 4500 |
| 008 - FIXED-LENGTH DATA ELEMENTS--GENERAL INFORMATION | |
| fixed length control field | 240624s9999 xx 000 0 und d |
| 041 ## - LANGUAGE CODE | |
| Language code of text/sound track or separate title | eng |
| 082 ## - DEWEY DECIMAL CLASSIFICATION NUMBER | |
| Classification number | 800 SPA |
| 100 ## - MAIN ENTRY--PERSONAL NAME | |
| Personal name | FITZGERALD SUZANNE SPARKS |
| 245 ## - TITLE STATEMENT | |
| Title | SCHAUM S QUICK GUIDE TO GREAT BUSINESS W |
| 260 ## - PUBLICATION, DISTRIBUTION, ETC. | |
| Date of publication, distribution, etc. | 2005 |
| Place of publication, distribution, etc. | New Delhi |
| Name of publisher, distributor, etc. | Tata McGrawhill |
| 300 ## - PHYSICAL DESCRIPTION | |
| Extent | x, : 160 : p. : cm. ; 21 |
| 365 ## - TRADE PRICE | |
| Currency code | RS |
| Withdrawn status | Lost status | Damaged status | Not for loan | Home library | Current library | Shelving location | Date acquired | Source of acquisition | Cost, normal purchase price | Total Checkouts | Full call number | Barcode | Date last seen | Date last checked out | Copy number | Price effective from | Koha item type |
|---|---|---|---|---|---|---|---|---|---|---|---|---|---|---|---|---|---|
| IMTN | IMTN | Rack 38-A | 01/03/2006 | AP | 99.00 | 2 | 800 SPA | 3144 | 01/13/2025 | 01/07/2025 | 1 | 06/24/2024 | Books |